Call of Duty Warzone Season 5 Map Quiz - Statistics

General Stats
  • This quiz has been taken 200 times
  • The average score is 14 of 20
Answer Stats
Hint Answer % Correct
Prisoners Prison
91%
Medical Hospital
89%
Sports Stadium
88%
Planes Airport
83%
Choo Choo! Train Station
82%
Shopping Superstore
81%
Hydroelectricity Dam
79%
Wood Lumber
73%
Army Military Base
73%
Hotdrop Downtown
72%
Broken Planes Boneyard
70%
Boats Port
69%
Containers Storage Town
69%
Apartments Promenade East
64%
Also Apartments Promenade West
64%
Many Houses Farmland
63%
Rocks Quarry
62%
Small Mountains Hills
60%
Why is this a named place Park
56%
who goes here TV Station
49%
No matching quizzes found
Score Distribution
Percent of People with Each Score
Percentile by Number Answered
Your Score History
You have not taken this quiz